|
|
|
|
| LEADER |
01502nam a2200385Ia 4500 |
| 001 |
EBC989175 |
| 003 |
MiAaPQ |
| 005 |
20200520144314.0 |
| 006 |
m o d | |
| 007 |
cr cn||||||||| |
| 008 |
120221s2012 enka sb 001 0 eng d |
| 010 |
|
|
|z 2012007516
|
| 020 |
|
|
|z 9781107015531 (hardback)
|
| 020 |
|
|
|z 9781139554497
|
| 035 |
|
|
|a (MiAaPQ)EBC989175
|
| 035 |
|
|
|a (Au-PeEL)EBL989175
|
| 035 |
|
|
|a (CaPaEBR)ebr10602856
|
| 035 |
|
|
|a (CaONFJC)MIL392300
|
| 035 |
|
|
|a (OCoLC)811136167
|
| 040 |
|
|
|a MiAaPQ
|c MiAaPQ
|d MiAaPQ
|
| 050 |
|
4 |
|a HD9506.A2
|b D37 2012
|
| 082 |
0 |
4 |
|a 622.068/4
|2 23
|
| 100 |
1 |
|
|a Dashwood, Hevina S.
|q (Hevina Smith),
|d 1960-
|
| 245 |
1 |
4 |
|a The rise of global corporate social responsibility
|h [electronic resource] :
|b mining and the spread of global norms /
|c Hevina S. Dashwood.
|
| 260 |
|
|
|a Cambridge :
|b Cambridge University Press,
|c 2012.
|
| 300 |
|
|
|a xiii, 320 p. :
|b ill.
|
| 490 |
0 |
|
|a Business and public policy
|
| 504 |
|
|
|a Includes bibliographical references and index.
|
| 533 |
|
|
|a Electronic reproduction. Ann Arbor, MI : ProQuest, 2015. Available via World Wide Web. Access may be limited to ProQuest affiliated libraries.
|
| 650 |
|
0 |
|a Mineral industries
|x Management
|x Moral and ethical aspects.
|
| 650 |
|
0 |
|a Social responsibility of business.
|
| 650 |
|
0 |
|a Corporate governance.
|
| 655 |
|
4 |
|a Electronic books.
|
| 710 |
2 |
|
|a ProQuest (Firm)
|
| 856 |
4 |
0 |
|u https://ebookcentral.proquest.com/lib/matrademy/detail.action?docID=989175
|z Click to View
|